| 000 | 00784nam a2200241 i 4500 | ||
|---|---|---|---|
| 003 | DO-SdBNP | ||
| 005 | 20230627145845.0 | ||
| 006 | a||||br|||| 00| 0 | ||
| 007 | ta | ||
| 008 | 230627e1978 dr aob|| |||| 00| 0 spa d | ||
| 040 |
_aDO-SdBNP _bspa _cBNPHU _erda |
||
| 082 | 1 |
_222 _bN964e |
|
| 100 | 1 |
_954646 _aNúñez Molina, Luis |
|
| 245 | 1 | 0 |
_aEstudio sociales de mi patria. / _cLuis N. Núñez Molina |
| 250 | _aActualizado por Viola Núñez López | ||
| 264 | 1 |
_aSanto Domingo : _bColegial Quisqueyana, S. A. , _c1978 |
|
| 300 |
_a94 páginas : _bIlustraciones, fotografías, mapas, retratos ; _c25 cm. |
||
| 336 |
_2rdaconten _atexto _btxt |
||
| 337 |
_2rdamedia _asin medición _bnc |
||
| 338 |
_2rdacarrier _avolumen _bnc |
||
| 590 | _aInventariado 2023 / MF | ||
| 942 |
_2ddc _cLBS1 |
||
| 999 |
_c53981 _d53981 |
||